=LDR 00000nam 2200000 4500 =001 INLIS000000000020338 =005 20130612115309 =008 ***********************************ind** =035 ##$$a0010-061300000020338 =041 ##$$a ind =082 ##$$a 658.81 =090 ##$$a 658.81, Ami d =100 ##$$a Amir, M. Taufiq =245 ##$$a Dinamika pemasaran : jelajahi dan rasakan, M. Taufiq Amir =260 ##$$a 2005 $b Jakarta =300 ##$$a xxix, 245 hlm, 21 cm =650 ##$$a Pemasaran =850 ##$$a NBPNMAT =990 ##$$a 21400613/BPAP-NTB/20142014